Il comportamento sessuale dell'uomo /
Gorde:
| Egile Nagusiak: | , , |
|---|---|
| Beste egile batzuk: | |
| Formatua: | Liburua |
| Hizkuntza: | italiera |
| Argitaratua: |
Milano :
Bompiani,
stampa 1955
|
| Edizioa: | 2. ed |
| Saila: | L'uomo ;
7 |
| Etiketak: |
Etiketarik gabe, Izan zaitez lehena erregistro honi etiketa jartzen!
|
MARC
| LEADER | 00000nam a22000007i 4500 | ||
|---|---|---|---|
| 001 | IT\ICCU\CAG\0069207 | ||
| 003 | ItRI | ||
| 005 | 20260115232231.0 | ||
| 008 | 000410s1955 it |||||| ||||| |||||c | ||
| 040 | |b ita |c importazione bologna sebina | ||
| 041 | 7 | |a ita |2 ISO-639-2 | |
| 100 | 1 | |a Kinsey, Alfred C. |0 IT\ICCU\RAVV\055906 |4 aut | |
| 240 | 1 | 0 | |a Sexual behavior in the human male. - |3 IT\ICCU\RAV\0135998 |9 Kinsey, Alfred C. |
| 245 | 1 | 3 | |a Il comportamento sessuale dell'uomo / |c di Alfred C. Kinsey, Wardell B. Pomeroy, Clyde E. Martin ; prefazione di Cesare L. Musatti. |
| 250 | |a 2. ed | ||
| 260 | |a Milano : |b Bompiani, |c stampa 1955 | ||
| 300 | |a XXII, 558 p. ; |c 21 cm. | ||
| 700 | 1 | |a Pomeroy, Wardell B. |0 IT\ICCU\RAVV\055907 |4 aut | |
| 700 | 1 | |a Martin, Clyde E. |0 IT\ICCU\RAVV\055908 |4 aut | |
| 700 | 1 | |a Musatti, Cesare L. |0 IT\ICCU\CFIV\006005 | |
| 790 | 1 | |a Musatti, Cesare Luigi |3 IT\ICCU\SBNV\002060 |z Musatti, Cesare L. | |
| 790 | 1 | |a Musatti, Cesare, |d (1897-1989) |3 IT\ICCU\SBNV\002061 |z Musatti, Cesare L. | |
| 790 | 1 | |a Martin, Clyde Eugene |3 IT\ICCU\SBNV\052757 |z Martin, Clyde E. | |
| 830 | 2 | |a L'uomo ; |v 7 |0 IT\ICCU\CUB\0086430 | |
| 942 | |2 ddc |c BK |n 0 | ||
| 952 | |0 0 |1 0 |4 0 |6 DOC_306_708000000000000_KIN |7 0 |9 22534 |a BO |b BO |d 2026-01-15 |i 920 |l 0 |o DOC 306.708 KIN |p BO920 |r 2026-01-15 23:22:31 |w 2026-01-15 |x [Sebina 7] [1 v.] |y BK |z 1 v. | ||
| 999 | |c 19242 |d 19242 | ||